| 000 | 00849nam a2200277 i 4500 | ||
|---|---|---|---|
| 001 | bg | ||
| 100 | 1 | _aROJEK, Ryszard | |
| 245 | 1 | 0 |
_aModelowanie sieci przepływowych / _cRyszard Rojek. |
| 260 |
_aOpole : _bOficyna Wydawnicza PO, _c2002. |
||
| 300 |
_a179, [2] s. : _bil. ; _c24 cm. |
||
| 490 | 1 |
_aStudia i Monografie / Politechnika Opolska, _x1429-6063 ; _vz. 136 |
|
| 500 | _aStreszcz. ang. | ||
| 504 | _aBibliogr. | ||
| 650 | 9 |
_aModele matematyczne _xstosowanie _xtechnika |
|
| 650 | 9 | _aPrzepływ | |
| 650 | 9 |
_aRurociągi _xmechanika |
|
| 650 | 9 |
_aSterowanie _xteoria |
|
| 830 | 0 |
_aStudia i Monografie (Politechnika Opolska) ; _vz. 136 |
|
| 020 | _a8388492799 | ||
| 040 | _cBPK | ||
| 041 | 0 |
_apol _beng |
|
| 080 | _a621.644:532.5:519.86:007.3 | ||
| 920 | _a83-88492-79-9 | ||
| 942 | _cKS | ||
| 008 | s pl f |000 0 pol | ||
| 999 |
_c42834 _d42834 |
||
| 856 |
_uhttp://koha.tu.koszalin.pl/cgi-bin/koha/opac-detail.pl?biblionumber=42834 _yKatalog online BPK |
||